| 000 | 00350pab a2200145 454500 | ||
|---|---|---|---|
| 008 | 180718b2001 xxu||||| |||| 00| 0 eng d | ||
| 100 | _aRao, N. Subba | ||
| 245 | _aSustainable forest management: some reflections | ||
| 260 | _c2001 | ||
| 300 | _ap.28-32 | ||
| 362 | _aMar | ||
| 650 | _aForest management | ||
| 773 | _aKurukshetra | ||
| 909 | _a47727 | ||
| 999 |
_c47727 _d47727 |
||